| 000 | 01065nac a22003011i 4500 | ||
|---|---|---|---|
| 003 | EG-ScBUE | ||
| 005 | 20251209093357.0 | ||
| 008 | 250817t2006 njua f bd 001 0 eng d | ||
| 020 | _a0131984837 | ||
| 020 | _a9780131984837 | ||
| 040 |
_aEG-ScBUE _beng _erda _cEG-ScBUE _dEG-ScBUE |
||
| 082 | 0 | 4 |
_a547 _bBRU _222 |
| 100 | 1 |
_aBruice, Paula Yurkanis, _d1941- _eauthor. |
|
| 245 | 1 | 0 |
_aEssential organic chemistry / _cPaula Yurkanis Bruice, University of California, Santa Barbara. |
| 250 | _aPearson international edition. | ||
| 264 | 1 |
_aUpper Saddle River, New Jersey : _bPearson Education International, _c[2006] |
|
| 264 | 4 | _cc2006 | |
| 300 |
_a1 volume (various pagings) : _bcolor illustrations ; _c24 cm |
||
| 336 |
_2rdacontent _atext _btxt |
||
| 337 |
_aunmediated _2rdamedia _bn |
||
| 338 |
_avolume _bnc _2rdacarrier |
||
| 500 | _aIncludes glossary. | ||
| 500 | _aIncludes Appendices. | ||
| 504 | _aIncludes bibliographical references and index. | ||
| 650 | 7 |
_aChemistry, Organic _vTextbooks. _2BUEsh |
|
| 655 | _vReading book | ||
| 942 |
_cBB _2ddc |
||
| 999 |
_c2347 _d2347 |
||